=LDR 00000nam 2200000 4500 =001 INLIS000000000007949 =005 20130612095855 =008 ***********************************Ind** =035 ##$$0010-061300000007949 =041 ##$$a Ind =082 ##$$a 001.642 =090 ##$$a 001.642, Abd s =100 ##$$a Abdullah =245 ##$$a Sistem pengolahan data lembar kerja elektronika dan sistem tatalaksana file terpadu, Abdullah =260 ##$$a 1986 $b Jakarta =300 ##$$a x, 149 hlm, 21 cm =650 ##$$a Komputer-pengolahan data